000 00552nam a22001937a 4500
003 UA-OsUOA
001 18643
007 ta
008 20040526b un ||||| |||| 00| 0 ukr d
100 _aМандрик Н.
700 _aКопера О.
942 _cSA
040 _aUA-OsUOA
_cUA-OsUOA
_dUA-OsUOA
245 _aКоли виникла українська писемність
300 _aС.6
955 _a0
773 0 _w0
_tРівненський кооператор
_dРівне
_d2004
_g№21/21 трав./
650 7 _aІсторія
_2UDC
999 _c304814
_d304814